000 00449nam a2200169Ia 4500
008 131103s9999 xx 000 0 und d
040 _aLoreto College
041 _aEnglish
082 _a891.431/PAN
_bLCLIB/
100 _aPant,Sumitranandan
245 _aRajat Shikhar
_cSumitranandan Pant
260 _aAllahabad
_bBharati Bhandar
_c1958
300 _a194 p.
_c 18 cm.
650 _aHindi poetry
850 _aLCLIB/891.431/PAN
942 _cBK
999 _c18680
_d69159